Word Links #4 - Statistics

General Stats
  • This quiz has been taken 3,671 times
    3,471 since last reset
  • The average score is 5 of 8
Answers on the Map
Answers color-coded by a green-red scale on the quiz's map according to % correct below.
 
Answer Stats
Answer % Correct
German Cities
87%
Steven Spielberg Movies
82%
Bridge, Hook, Intro, Verse
67%
Parts of a Song
66%
Cologne, Dresden, Frankfurt, Stuttgart
58%
James Bond Henchmen
34%
Jaws, Oddjob, Necros, Xenia
30%
E.T., Lincoln, Munich, 1941
28%
No matching quizzes found
Score Distribution
Percent of People with Each Score
Percentile by Number Answered
Your Score History
You have not taken this quiz since the last reset